000 00474nam a22001457a 4500
005 20241114115731.0
008 241114b |||||||| |||| 00| 0 eng d
020 _a9780028240664
050 _aQA107 MAT
245 _aMathematics/
_bapplications and connections; Teachers Wraparound edition; Course 3
260 _aWesterville, Ohio
_bGlencoe Macmillan/McGraw-Hill
_c1993
300 _axx. various pagings
_bill. some color
_c28cm
650 _2Mathematics
942 _2lcc
_cBK
_n0
999 _c1181
_d1181